000 00664nam a22002417a 4500
999 _c351972
_d351972
001 66160
003 UA-OsUOA
005 20200123185545.0
007 ta
008 20091221b un ||||| |||| 00| 0 ukr d
020 _a9665043927
040 _aUA-OsUOA
_bukr
_cUA-OsUOA
_dUA-OsUOA
041 _aukr
080 _a82.09(0)
090 _a82.09(0)
_bВ68
100 _aВолощук Є.
245 _aЗарубіжна література
_bпідручник для 11 класу
260 _aК.
_bГенеза
_c2004
300 _a464 с.
650 7 _a82 Література. Літературознавство
_2UDC
942 _cBK
_2udc
955 _a2